000
00281nam a22001337a 4500
008
181217b xxu||||| |||| 00| 0 eng d
020
_a
9781590595053
041
_a
eng
080
_a
004
100
_a
28
101
_a
SHK
245
_a
ProMySQL
_c
Kruckenberg,M
942
_2
udc
_c
BK
999
_c
53142
_d
53142